| 000 | 00666nam a2200241 a 4500 | ||
|---|---|---|---|
| 005 | 20240614063709.0 | ||
| 008 | 991125s1975 lon 000 0 eng u | ||
| 020 | _a333182030 | ||
| 035 | _aUPN01000035892 | ||
| 049 | _aF | ||
| 050 | 4 |
_aPE1117 L3 _bF7.4 |
|
| 100 | 1 | _aFrancis, John | |
| 245 | 1 | 0 |
_aM N, m n / _cartist John Francis |
| 260 |
_aLondon : _bMacMillan, _c1975 |
||
| 300 |
_a[12] p. : _bprincipalmente |
||
| 440 | 0 | _aLanguage in action | |
| 520 | _a"The language project" | ||
| 520 | _aDatos tomados de la cubierta | ||
| 650 | 4 |
_aInglés _xEstudio y enseñanza _918 |
|
| 902 | _aCAV CARLOS AGUILAR VILLA | ||
| 904 |
_aAC _b035893 |
||
| 905 | _aLibro | ||
| 999 |
_c35892 _d35892 |
||